Dynamické modely rovnováhy oligopolu s diskrétnym časom

Saved in:
Bibliographic Details
Main Author: Grisáková, Nora, 1978-
Format: Book Chapter
Language:Slovak
Tags: Add Tag
No Tags, Be the first to tag this record!

MARC

LEADER 00000naa$a2200000$$$4500
001 0214577
005 20240502073603.9
041 0 |a slo 
044 |a SK 
245 1 0 |a Dynamické modely rovnováhy oligopolu s diskrétnym časom  |c Nora Grisáková 
100 1 |a Grisáková, Nora, 1978-